000 nam a22 7a 4500
999 _c8752
_d8752
008 180119b ||||| |||| 00| 0 eng d
100 _aNCERT
_95093
245 _aMath Magic
260 _aNew delhi
_bNCERT
_c2006